000 00818nam a2200205Ia 4500
001 15141
003 GE_BSU
008 181216s||||||||xx |||||||||||||| ||und||
040 _cGE_BSU
080 _a821.353.1-31
100 _aყაზბეგი, ალექსანდრე
245 _aელგუჯა,ხევისბერი გოჩა.
245 _cშესავ. წერილი, შენიშვნ. და ლექსიკონი ლადო მინაშვილისა. მხატვ. ლ.ცუცქირიძე
260 _aთბილისი
260 _bთბილისის უნ-ტის გამ-ბა
260 _c1991
300 _a352გვ.20სმ.
653 _aელგუჯა,ხევისბერი გოჩა.
942 _cBK
999 _c48257
_d48257